000 00630cam a2200169 i 4500
008 200210s2020 njua b 001 0 eng
020 _a9780691208572
050 0 0 _aCC75.5
_b.C55 2020
082 0 0 _a930.1072
100 1 _aCline, Eric H.,
245 1 0 _aDigging deeper :
_bhow archaeology works /
_cEric H. Cline.
260 _aOxfordshire
_bPrinceton University Press
_c2020
300 _axi, 161 pages :
_billustrations ;
520 _a"A brief, accessible primer explaining the basics of archaeology from "How do you know where to dig?" to "Do you get keep what you find?""--
650 0 _aArchaeology
_xMethodology.
942 _cBK
999 _c3516
_d3516